000
00338nam a2200133Ia 4500
008
240624s9999 xx 000 0 und d
041
_a
eng
082
_a
332.024 NIS
100
_a
NATIONAL INSTITUTE OF SECURITIES MARKETS
245
_a
RETIREMENT ADVISER
260
_c
2016
_a
New Delhi
_b
Taxmann
300
_a
312 , p.
365
_c
RS
_b
30
999
_c
28898
_d
28898